02259cas a22005057a 450000500170000000800410001701000100005801100100006802200140007803500110009224501630010326001150026630000070038131000150038836200170040359000410042059000410046159000410050259000410054359000410058459000410062559000420066665000820070865000750079086600300086586600580089586600580095386600300101186600580104186600300109986600620112986600580119186600580124986600580130786600580136586600580142386600580148186600350153986600300157486600620160486600300166690100070169690500330170399900170173620220329143018.0001017c1969 mx qr pernn 0 b1 d a90655 a91627 a0301-7036 a10218800aProblemas del Desarrollo :brevista latinoamericana de economíac/por Universidad Nacional Autónoma de México. Instituto de Investigaciones Económicas0 aMéxico, D.F.:bUniversidad Nacional Autónoma de México. Instituto de Investigaciones Económicasc1969- av. aTrimestral an.136, 2004. aBATCH-UPDb10c20130110lUCH01h0622 aBATCH-UPDb10c20130110lUCH01h2356 aBATCH-UPDb10c20130410lUCH01h0305 aBATCH-UPDb10c20130410lUCH01h1642 aBATCH-UPDb10c20130914lUCH01h0320 aBATCH-UPDb10c20130914lUCH01h2148 aCONVERSIONb10c20130109lUCH01h135014aAmérica LatinaxCondiciones económicasxPublicaciones periódicas.9539114aMéxicoxCondiciones económicasxPublicaciones periódicas.976727 av. 29 n. 112 (Marzo 1998) av. 30 n. 113 (Junio 1998) - v. 30 n. 116 (Marzo 1999) av. 31 n. 117 (Junio 1999) - v. 31 n. 120 (Marzo 2000) av. 32 n. 124 (Marzo 2001) av. 33 n. 125 (Junio 2001) - v. 33 n. 128 (Marzo 2002) av. 34 n. 129 (Junio 2002) av. 34 n. 131 (Diciembre 2002) - v. 34 n. 132 (Marzo 2003) av. 35 n. 133 (Junio 2003) - v. 35 n. 136 (Marzo 2004) av. 36 n. 137 (Junio 2004) - v. 36 n. 140 (Marzo 2005) av. 37 n. 141 (Junio 2005) - v. 37 n. 144 (Marzo 2006) av. 38 n. 145 (Junio 2006) - v. 38 n. 148 (Marzo 2007) av. 39 n. 149 (Junio 2007) - v. 39 n. 152 (Marzo 2008) av. 40 n. 153 (Junio 2008) - v. 40 n. 156 (Marzo 2009) av. 40 n. 158 (Septiembre 2009) av. 41 n. 157 (Junio 2009) av. 41 n. 159 (Diciembre 2009) - v. 41 n. 160 (Marzo 2010) av. 42 n. 161 (Junio 2010) aSE aAraceli Hernández Gómez. c90655d90655